LEADER 00748cam2 22002413 450 001 SOBE00042357 005 20191128135910.0 100 $a20140411d1992 |||||ita|0103 ba 101 $aita 102 $aIT 200 0 $a1,1 210 $aMilano$cElecta$d1992 215 $a624 p.$cill.$d29 cm 461 1$1001TWSOB00000360$12001 $a<>Novecento 1 : 1900-1945 / [a cura di Carlo Pirovano] vvvv 801 0$aIT$bUNISOB$c20191128$gRICA 850 $aUNISOB 852 $aUNISOB$j700|Coll|26|k$m83508 912 $aSOBE00042357 940 $aM 102 Monografia moderna SBN 941 $aW 957 $a700|Coll|26|k$b000007$i-1.1$gSI$d83508$1rovito$2UNISOB$3UNISOB$420140411141004.0$520191128135910.0$6Spinosa 996 $a1.1$970121 997 $aUNISOB